Tilastot visalle Rallin MM: autovalmistajien mestaruudet

Klikkaa tästä pelataksesi tätä visaa!

Yleistilastot

  • Tätä visaa on pelattu 46 kertaa
  • Keskiarvotulos 11 / 14

Vastaustilastot

MaaValmistajaMestaruuksia% Oikein
Yhdysvallat /
Iso-Britannia
Ford3
100%
YhdysvallatM-Sport (Ford)1
100%
JapaniToyota7
100%
RanskaCitroën8
86%
ItaliaFiat3
84%
Etelä-KoreaHyundai2
81%
SaksaAudi2
78%
ItaliaLancia10
76%
SaksaVolkswagen4
76%
RanskaAlpine-Renault1
73%
RanskaPeugeot5
73%
JapaniSubaru3
68%
JapaniMitsubishi1
49%
YhdysvallatTalbot1
16%

Tulosjakauma

Persentiili vastausten määrän mukaan

Jokaisen tuloksen saaneiden osuus

Tuloshistoriasi

Et ole pelannut tätä visaa